000 00638nam a2200277Ia 4500
005 20260324145822.0
008 008 260324s9999 xx 000 0 eng d
020 _a9781351074193
037 _aEBOOK
040 _aCRL
040 _beng
040 _cCRL
041 _2eng
041 _aeng
084 _qCRL
100 _aB.K. Dwivedi
_91224298
245 0 _aLow Calorie and Special Dietary Foods
260 _bTaylor and Francis
260 _c1978
365 _a
365 _b300
856 _uhttp://www.taylorfrancis.com/books/9781351074193
942 _cEBOOK
999 _c1832730
_d1832730